书目信息 |
| 题名: |
科技文献编目
|
|
| 作者: | 徐海初 编著 | |
| 分册: | ||
| 出版信息: | 北京 科学技术文献出版社 1988.10 |
|
| 页数: | 123页 | |
| 开本: | 19厘米 | |
| 丛书名: | 科技情报业务丛书 | |
| 单 册: | ||
| 中图分类: | G254.3 | |
| 科图分类: | ||
| 主题词: | 图书馆学 , 图书馆事业 | |
| 电子资源: | ||
| ISBN: | 7-5023-0607-2 | |
| 000 | 00854nam0 2200289 45 | |
| 001 | 0189000839 | |
| 005 | 20040426082435.0 | |
| 010 | @a7-5023-0607-2@dCNY1.10 | |
| 020 | @aCN@b89000839 | |
| 100 | @a19900806d1988 m y0chiy0120 ea | |
| 101 | 0 | @achi |
| 102 | @aCN@b110000 | |
| 105 | @ay z 000yy | |
| 106 | @ar | |
| 200 | 10 | @a科技文献编目@Ake ji wen xian bian mu@f徐海初编著@Fxu hai chu bian zhu |
| 210 | @a北京@c科学技术文献出版社@d1988.10 | |
| 215 | @a123页@d19厘米 | |
| 225 | 2 | @a科技情报业务丛书 |
| 330 | @a本书重点介绍了我国各类科技文献和著录标准和目录组织方法。 | |
| 410 | 0 | @120010@a科技情报业务丛书 |
| 540 | 1 | @a科技文献 编目@Ake ji wen xian bian mu |
| 606 | 0 | @a图书馆学 |
| 606 | 0 | @a图书馆事业 |
| 690 | @aG254.3 | |
| 701 | 0 | @a徐海初@Axu hai chu@4编著 |
| 801 | 0 | @aCN@bNLC@c19900806 |
| 905 | @f4@b213617-620@dG254.3@e39 | |
| 科技文献编目/徐海初编著.-北京:科学技术文献出版社,1988.10 |
| 123页;19厘米.-(科技情报业务丛书) |
| ISBN 7-5023-0607-2:CNY1.10 |
| 本书重点介绍了我国各类科技文献和著录标准和目录组织方法。 |
| ● |
| 相关链接 |
|
|
|
|
正题名:科技文献编目
索取号:G254.3/39
 
预约/预借
| 序号 | 登录号 | 条形码 | 馆藏地/架位号 | 状态 | 备注 |
| 1 | 0213617 | 000503501 | 密集书库/ [索取号:G254.3/39] | 在馆 | |
| 2 | 0213618 | 000503495 | 密集书库/ [索取号:G254.3/39] | 在馆 | |
| 3 | 0213619 | 000503477 | 密集书库/ [索取号:G254.3/39] | 在馆 | |
| 4 | 0213620 | 000503486 | 密集书库/ [索取号:G254.3/39] | 在馆 | |
| 5 | 0213621 | 000503510 | 第一样本阅览室/ [索取号:G254.3/39] | 在馆 |